Modelovanie používateľa na základe behaviorálnych biometrických dát na mobilných zariadeniach

Guardado en:
Detalles Bibliográficos
Autor principal: Csomor, Dávid (Autor)
Otros Autores: Burda, Kamil (Orientador)
Formato: Manuscrito Libro
Lenguaje:eslovaco
Publicado: 2021
Materias:
Acceso en línea:http://is.stuba.sk/zp/portal_zp.pl?podrobnosti=151411
Etiquetas: Agregar Etiqueta
Sin Etiquetas, Sea el primero en etiquetar este registro!

MARC

LEADER 00000ntm a22000003a 4500
001 stuzp85602
003 SK-STU
005 20210619211717.9
007 ta
008 150427s2015----xo-----f-mn---000-0-slo-d
040 |a STU  |b slo 
041 0 |a slo 
100 1 |a Csomor, Dávid  |u 070200  |4 aut  |U FIIT Fakulta informatiky a informačných technológií  |T FIIT Ústav informatiky, informačných systémov a softvérového inžinierstva  |X 49436  |U I200  |Y 179  |7 49436 
242 0 1 |a User modeling based on behavioral biometric data on mobile devices  |y eng 
245 1 0 |a Modelovanie používateľa na základe behaviorálnych biometrických dát na mobilných zariadeniach 
260 |c 2021 
650 4 |a priebežná autentifikácia  |2 slo 
650 4 |a senzory  |2 slo 
650 4 |a aproximácia symbolov  |2 slo 
650 4 |a mobilné zariadenia  |2 slo 
650 4 |a symbolic approximation  |2 eng 
650 4 |a continuous authentication  |2 eng 
650 4 |a mobile devices  |2 eng 
650 4 |a inertial sensors  |2 eng 
700 1 |a Burda, Kamil  |4 ths  |X 5796  |7 5796 
856 4 |u http://is.stuba.sk/zp/portal_zp.pl?podrobnosti=151411